[Event "Thematic 1"]
[Site "SchemingMind.com"]
[Date "2021.07.10"]
[Round "-"]
[White "Chessibelle"]
[Black "grabapawn"]
[Result "0-1"]
[WhiteCountry "ENG"]
[BlackCountry "USA"]
[WhiteElo "1029"]
[WhiteRD "58"]
[BlackElo "1473"]
[BlackRD "64"]
[GameID "713324"]

1. a3 f5 2. Nf3 b6 3. g3 Bb7 4. e3 Nf6 5. Be2 e5 6. b4 d6 7. O-O Be7 8. c3 h6 9. d4 Nbd7 10. Nbd2 g5
11. Qc2 e4 12. Ne1 h5 13. f3 h4 14. g4 c5 15. Bc4 d5 16. Bb5 a6 17. Ba4 fxg4 18. Kf2 Qc7 19. Rh1 g3+ 20. hxg3 hxg3+
21. Kf1 Rxh1+ 22. Ke2 b5 23. Bb3 Rh2+ 24. Kd1 g2 25. Nxg2 Rxg2 26. Qb1 c4 27. Ba2 Qh2 28. Kc2 exf3 29. Kb2 Ne4 30. Qc2 Nb6
31. Kb1 Na4 32. Bxc4 Nexc3+
0-1